Statistics for All NFL Starting Quarterbacks of the 2000s

Click here to take the quiz!

General Stats

  • This quiz has been taken 37 times
  • The average score is 96 of 255

Answer Stats

HintAnswer% Correct
87-30Tom Brady
93%
2-11Akili Smith
90%
16-24Alex Smith
90%
30-28 | 38-25Drew Brees
90%
50-37Eli Manning
90%
115-45Peyton Manning
90%
46-18Philip Rivers
90%
38-17Tony Romo
90%
1-1Troy Smith
90%
60-26Ben Roethlisberger
87%
12-4 | 78-50 | 9-7Brett Favre
87%
48-28-1Michael Vick
87%
17-15Aaron Rodgers
83%
42-40Carson Palmer
83%
90-45-1Donovan McNabb
83%
0-3Jesse Palmer
83%
22-12 | 27-30 | 5-4Kurt Warner
83%
17-20 | 7-9Jay Cutler
80%
20-10Matt Ryan
80%
0-3 | 4-4 | 4-7-1Ryan Fitzpatrick
80%
1-2 | 13-10 | 26-23 | 7-4Brad Johnson
77%
2-9Doug Johnson
77%
20-12Joe Flacco
77%
0-4Josh Johnson
77%
2-0 | 5-14Rob Johnson
77%
26-13Vince Young
77%
1-3 | 22-53David Carr
73%
0-2 | 19-20Matt Schaub
73%
0-10 | 1-3 | 2-4 | 38-42Daunte Culpepper
70%
12-10 | 23-25 | 5-13Drew Bledsoe
70%
53-37Jake Delhomme
70%
13-12 | 33-28 | 7-21Kerry Collins
70%
15-7 | 47-35Steve McNair
70%
3-0Todd Collins
70%
8-7Mark Sanchez
67%
63-54Matt Hasselbeck
67%
2-8Matthew Stafford
67%
1-8 | 32-29Chad Pennington
60%
0-1Jarious Jackson
60%
1-4 | 14-10 | 3-7 | +2 othersJeff Garcia
60%
0-1 | 16-18 | 19-30Mark Brunell
60%
47-21Rich Gannon
60%
10-9Tarvaris Jackson
60%
0-5 | 2-4 | 48-40Trent Green
60%
16-18Derek Anderson
57%
7-18JaMarcus Russell
57%
2-4 | 23-24 | 5-10Vinny Testaverde
53%
10-26 | 18-28 | 6-6Jon Kitna
50%
2-5 | 23-9Kordell Stewart
50%
10-5 | 4-11Matt Cassel
50%
19-12Rex Grossman
50%
20-25Tim Couch
50%
4-7Troy Aikman
50%
31-31David Garrard
47%
3-6Josh Freeman
47%
41-54Marc Bulger
47%
1-4Tim Hasselbeck
47%
15-31 | 39-15Jake Plummer
43%
18-37 | 3-7 | 5-6Joey Harrington
43%
10-12 | 2-7Josh McCown
43%
0-4 | 1-2Luke McCown
43%
1-2 | 2-0Randall Cunningham
43%
1-5 | 4-7 | 7-1 | 8-4Trent Dilfer
43%
0-1Warren Moon
43%
0-8 | 38-44Aaron Brooks
40%
7-6Chad Henne
40%
21-12 | 8-7Kyle Orton
40%
0-2 | 0-3 | 24-20Byron Leftwich
37%
20-32Jason Campbell
37%
10-23JP Losman
37%
7-10Matt Leinart
37%
0-3 | 1-8Ryan Leaf
37%
7-3Shaun Hill
37%
12-10 | 23-15 | 3-2 | 3-3Brian Griese
33%
4-1 | 8-14Doug Flutie
33%
7-8 | 8-6Elvis Grbac
33%
0-5Jim Harbaugh
33%
0-2Dave Brown
30%
36-23Jay Fiedler
30%
0-4 | 20-22Kyle Boller
30%
3-9Brady Quinn
27%
14-9Jim Miller
27%
0-1 | 0-3Jonathan Quinn
27%
1-1Kevin Kolb
27%
16-15 | 2-1Quincy Carter
27%
5-9Seneca Wallace
27%
2-3 | 7-9Steve Beuerlein
27%
0-7Dan Orlovsky
23%
2-1Neil O'Donnell
23%
2-3Scott Mitchell
23%
14-16Trent Edwards
23%
2-2 | 8-16Charlie Batch
20%
0-2 | 10-17 | 5-8Chris Chandler
20%
0-1 | 7-8Chris Simms
20%
0-1Drew Stanton
20%
0-3 | 1-2 | 10-3 | +2 othersGus Frerotte
20%
3-10 | 4-6 | 7-4Jeff Blake
20%
6-2Matt Moore
20%
10-14Patrick Ramsey
20%
8-7Rodney Peete
20%
0-2 | 10-7Shaun King
20%
1-6Jeff George
17%
0-4John Beck
17%
2-3Kent Graham
17%
2-6Rick Mirer
17%
15-16-1Tommy Maddox
17%
1-3Ty Detmer
17%
3-5 | 4-3AJ Feeley
13%
1-4 | 7-7Anthony Wright
13%
0-4Brock Huard
13%
1-8Cade McNown
13%
0-1 | 1-2 | 6-13Charlie Frye
13%
1-5 | 3-3Chris Redman
13%
1-7Cleo Lemon
13%
1-0 | 10-11Damon Huard
13%
1-7Doug Pederson
13%
0-2 | 6-4Sage Rosenfels
13%
3-4 | 5-3Shane Matthews
13%
0-9Brodie Croyle
10%
0-2Danny Kanell
10%
1-0Drew Henson
10%
2-6JT O'Sullivan
10%
0-3 | 4-4 | 4-8Kelly Holcomb
10%
1-6Mike McMahon
10%
2-4Ray Lucas
10%
1-1 | 4-12Tim Rattay
10%
2-1 | 5-3 | 8-6Tony Banks
10%
2-7Andrew Walter
7%
0-1 | 0-2Spergon Wynn
7%
1-0Stoney Case
7%
0-3 | 1-2Todd Bouman
7%
0-1Brock Berlin
3%
0-1 | 2-7Brooks Bollinger
3%
0-1 | 2-2 | 3-8Bruce Gradkowski
3%
1-4 | 2-7Chad Hutchinson
3%
0-1 | 2-17Chris Weinke
3%
0-2Cody Pickett
3%
3-2Craig Krenzel
3%
2-2Danny Wuerffel
3%
0-1Dennis Dixon
3%
4-3Jamie Martin
3%
0-4Keith Null
3%
4-5Kellen Clemens
3%
0-3 | 2-8Ken Dorsey
3%
1-3Kurt Kittner
3%
2-2Quinn Gray
3%
2-6Alex Van Pelt
0%
3-7Billy Volek
0%
0-1Brian Brohm
0%
1-1Clint Stoerner
0%
0-1Danny Kanell
0%
0-2Dave Ragone
0%
0-1Henry Burris
0%
0-1John Navarre
0%
1-1Koy Detmer
0%
0-2Marques Tuiasosopo
0%
0-1Matt Lytle
0%
0-1Matt Mauck
0%
2-5Mike McMahon
0%
0-2Moses Moreno
0%
0-1Randy Fasani
0%
1-0Scott Covington
0%
1-10Tyler Thigpen
0%

Score Distribution

Percentile by Number Answered

Percent of People with Each Score

Your Score History

You have not taken this quiz